| 000 | 00900nam a2200217 a 4500 | ||
|---|---|---|---|
| 001 | 672296 | ||
| 008 | 150909s1995 ||||||||||||||||| || u | ||
| 010 | _a95033358 | ||
| 020 | _a0821333887 | ||
| 050 | _aIBRD(06)RSS/1995/3 | ||
| 100 | _aHillman, Arye L | ||
| 245 | 1 | 0 |
_aFinancing government in the transition--Bulgaria : the political economy of tax policies, tax bases, and tax evasion _cedited by Željko Bogetić and Arye L. Hillman. |
| 260 |
_aWashington, DC _bWorld Bank _c1995 |
||
| 300 | _axv, 254 p. : ill. | ||
| 490 | _aWorld Bank Regional and Sectoral Studies | ||
| 500 | _aIncludes bibliographical references and index. | ||
| 650 | 0 | _aBULGARIA--ECONOMIC POLICY--1989 | |
| 650 | _aTAXATION--BULGARIA | ||
| 700 | _aBogetic, Zeljko | ||
| 995 |
_FCBU-MAIN LIBRARY (Kitwe) _M1 _UAVAILABLE _WSep 9, 2015 _ZInternational Publications |
||
| 999 |
_c43467 _d43467 |
||